000 00577nam a22001697a 4500
005 20251108165255.0
008 250721s1991 xx 000 0 ara d
082 1 4 _a956.431/بهج
100 1 _aصبري، بهجت حسين
_eإعداد
245 1 0 _aوثائق اللجنه القوميه العربية بنابلس 1947- 1949 /
264 1 _aعمان :
_bالجامعه الأردنيه - الجامعه الوثائق و المخطوطات،
_c1991.
300 _aج
650 1 7 _aتاريخ فلسطين
650 1 7 _aنابلس
942 _2ddc
_cBK
999 _c23851
_d23851